Normal view
MARC view
- Jordan, Bradford D. , Miller Jr, Thomas W , Dolvin,CFA, Steven D
Entry Personal Name
001 - CONTROL NUMBER
- control field: 5891
003 - CONTROL NUMBER IDENTIFIER
- control field: JO-AjAnu
005 - DATE AND TIME OF LATEST TRANSACTION
- control field: 20230606071246.0
008 - FIXED-LENGTH DATA ELEMENTS
- fixed length control field: 230606|| aca||aabn | a|a d
040 ## - CATALOGING SOURCE
- Original cataloging agency: JO-AjAnu
- Transcribing agency: JO-AjAnu
100 ## - HEADING--PERSONAL NAME
- Personal name: Jordan, Bradford D. , Miller Jr, Thomas W , Dolvin,CFA, Steven D
670 ## - SOURCE DATA FOUND
- Source citation: Work cat.: (JO-AjAnu)3054: Jordan, Bradford D. , Miller Jr, Thomas W , Dolvin,CFA, Steven D, author, Fundamentals of Investments: Valuation And Management